The Netherlands and the United States /

Bibliographic Details
Main Author: Vlekke, Bernard H. M. (Bernard Hubertus Maria), 1899-1970
Corporate Author: World Peace Foundation
Format: Book
Language:English
Published: Boston : World peace foundation, 1945.
Series:America looks ahead ; no. 10.
Subjects:

MARC

Tag First Indicator Second Indicator Subfields
LEADER 00000cam a2200000 4500
001 in00000059515
005 20151007082506.0
008 750711s1945 mau b 00010 engm
010 |a  45006896  
035 |a (OCoLC)01444402 
035 |9 AAF7958AM 
040 |a DLC  |c JPL  |d OCL  |d TXA  |d UtOrBLW 
049 |a TXAM  |c 1 [129726]  |c 2 [129727] 
050 0 0 |a DJ216  |b .V55 
082 0 |a 327.4920973 
092 |a 327.492  |b V868n 
100 1 |a Vlekke, Bernard H. M.  |q (Bernard Hubertus Maria),  |d 1899-1970. 
245 1 4 |a The Netherlands and the United States /  |c by Bernard H. M. Vlekke. 
264 1 |a Boston :  |b World peace foundation,  |c 1945. 
300 |a v pages, 1 leaf, [9]-96 pages ;  |c 19 cm. 
336 |a text  |b txt  |2 rdacontent 
337 |a unmediated  |b n  |2 rdamedia 
338 |a volume  |b nc  |2 rdacarrier 
490 1 |a America looks ahead, a pamphlet series ;  |v No. 10 
504 |a "Suggestions for further reading": page 96. 
650 0 |a Reconstruction (1939-1951)  |z Netherlands. 
651 0 |a Netherlands  |x Relations  |z United States. 
651 0 |a United States  |x Relations  |z Netherlands. 
651 0 |a Netherlands  |x Politics and government. 
710 2 |a World Peace Foundation. 
830 0 |a America looks ahead ;  |v no. 10. 
999 |a MARS 
999 f f |s 1d673f81-7160-359e-8198-27da6e7cbf47  |i 0269454d-261b-3b42-a4ed-c8ce1ac189e3  |t 0 
952 f f |p ric  |a Texas A&M University  |b Rellis Campus  |c Joint Library Facility  |s JLF  |d Remote Storage  |t 0  |e DJ216 .V55  |h Library of Congress classification  |i unmediated -- volume  |m A14800676086 
998 f f |a DJ216 .V55  |t 0  |l Remote Storage